Gross fixed capital formation 1995-2003 (Record no. 6460)

MARC details
000 -LEADER
fixed length control field 00535nam a22002057i 4500
001 - CONTROL NUMBER
control field 7599
003 - CONTROL NUMBER IDENTIFIER
control field OSt
005 - DATE AND TIME OF LATEST TRANSACTION
control field 20170126082402.0
007 - PHYSICAL DESCRIPTION FIXED FIELD--GENERAL INFORMATION
fixed length control field tu
008 - FIXED-LENGTH DATA ELEMENTS--GENERAL INFORMATION
fixed length control field 161220s xxu||||| |||| 00| 0 d
024 7# - OTHER STANDARD IDENTIFIER
Standard number or code 7599
Source of number or code RID
024 7# - OTHER STANDARD IDENTIFIER
Standard number or code 7599
Source of number or code RSN (alt)
040 ## - CATALOGING SOURCE
Transcribing agency OSt
110 2# - MAIN ENTRY--CORPORATE NAME
Corporate name or jurisdiction name as entry element Hungary Central Statistical Office
245 00 - TITLE STATEMENT
Title Gross fixed capital formation 1995-2003
260 ## - PUBLICATION, DISTRIBUTION, ETC.
Place of publication, distribution, etc. Budapest.
490 ## - SERIES STATEMENT
Series statement Gross fixed capital formation 1995-2003
500 00 - GENERAL NOTE
General note available at: http://portal.ksh.hu/portal/
856 ## - ELECTRONIC LOCATION AND ACCESS
Uniform Resource Identifier <a href="http://www.ksh.hu">http://www.ksh.hu</a>
942 ## - ADDED ENTRY ELEMENTS (KOHA)
Koha item type Statistics
Holdings
Withdrawn status Lost status Damaged status Not for loan Home library Current library Shelving location Date acquired Inventory number Total Checkouts Barcode Date last seen Price effective from Koha item type
        WIIW WIIW Library 07/19/2007 7599   10003571 01/26/2017 01/26/2017 Statistics
The Vienna Instiute for International Economic Studies (wiiw)